Normal view
MARC view
- Punjab (India)
Entry Geographic Name
001 - CONTROL NUMBER
- control field: 12603
003 - CONTROL NUMBER IDENTIFIER
- control field: NUST
005 - DATE AND TIME OF LATEST TRANSACTION
- control field: 20181121062553.0
008 - FIXED-LENGTH DATA ELEMENTS
- fixed length control field: 181121|| aca||aabn | a|a d
040 ## - CATALOGING SOURCE
- Original cataloging agency: NUST
- Transcribing agency: NUST
151 ## - HEADING--GEOGRAPHIC NAME
- Geographic name: Punjab (India)
- Form subdivision: Biography.
670 ## - SOURCE DATA FOUND
- Source citation: Work cat.: (NUST)0: Griffin, Lepel Henry, 1840-1908. 12602, The Punjab chiefs., 1890.
